000 00215 a2200097 4500
001 14082
100 _aPalmor H.E
245 _aThe new method grammar
260 _aLondon
_bLongmans green
_c
090 _c11027
_d11027
942 _aNUST-CAE
_cM
_c1145
999 _c249155
_d249155